| 000 | 01174nam0a22002771 4500 | ||
|---|---|---|---|
| 001 | rc\3319156 | ||
| 005 | 20250609175723.0 | ||
| 035 | _a(NLR Aleph) 007418847 | ||
| 090 |
_a6894165 _c6894165 |
||
| 100 | _a20130115d1974 |||y0rusy50 ca | ||
| 101 | 1 |
_arus _csah |
|
| 102 | _aRU | ||
| 105 | _aa z |||a| | ||
| 200 | 1 |
_aЛиственница _eРассказы и повесть _fПер. с якут. С. Виленского _g[Ил.: Л.К. Макарова] |
|
| 210 |
_aМосква _cСов. писатель _d1974 |
||
| 215 |
_a246 с. _cил. _d16 |
||
| 327 | 1 | _aСодерж.: Рассказы; В двух шагах от школы: (Дневник десятиклассницы): Повесть | |
| 464 | 0 |
_12001#$aРассказы$aВ двух шагах от школы$e(Дневник десятиклассницы)$eПовесть _tВ двух шагах от школы |
|
| 700 | 1 |
_aДанилов _bС.П. _f1922-1993 _gСофрон Петрович |
|
| 702 | 1 |
_aВиленский _bС. _4730 |
|
| 702 | 1 |
_aМакаров _bЛ.К. _4440 |
|
| 801 | 0 |
_aRU _bNLR _gpsbo |
|
| 801 | 1 |
_aRU _bELAR _2rusmarc |
|
| 852 |
_aNLR _j74-2/1652 |
||
| 942 | _cBOOK | ||
| 980 | _aNB | ||